000 00531nam a22001577a 4500
003 OSt
005 20151104164014.0
008 151104b xxu||||| |||| 00| 0 eng d
040 _cRUA
082 _aFOR លូង 1994 B119 Or.1
100 _93379
_aលូង​ ច័ន្ទកាណារ័ត្ន
245 _aវិភាគទានលើការសិក្សាពីសត្វគ្រៀល នៅកម្ពុជា;
260 _aPhnom Penh
_bRUA
_c1994
300 _a43p.
_bill.
_c29cm.
942 _2ddc
_cFOR
999 _c3152
_d3152